000
00334nam a2200145Ia 4500
008
151213s9999 xx 000 0 und d
100
_a
Zahirul Huq
245
_a
Law & Practice
_c
Zahirul Huq
260
_a
Dhaka
_b
Chalantika
_c
2003
300
_a
2088 p.
650
_a
Law
650
_a
Law
700
_a
Zahirul Huq
999
_c
1538
_d
1538